[Event "Landesliga Sued 9899"]
[Site "Bayern"]
[Date "1998.10.25"]
[Round "2.5"]
[White "Gergen, Harald"]
[Black "Schmaus, Horst"]
[Result "1/2-1/2"]
[WhiteElo "2055"]
[BlackElo "1904"]
[PlyCount "113"]
[EventDate "1998.11.10"]
[EventType "team-tourn"]
[EventRounds "9"]
[EventCountry "GER"]
[SourceTitle "EXT 2020"]
[Source "ChessBase"]
[SourceDate "2019.10.17"]
[SourceVersion "1"]
[SourceVersionDate "2019.10.17"]
[SourceQuality "1"]
[WhiteTeam "Kriegshaber SK"]
[BlackTeam "Landshut"]
[WhiteTeamCountry "GER"]
[BlackTeamCountry "GER"]

1. e4 c5 2. Nf3 e6 3. d4 cxd4 4. Nxd4 Nf6 5. Nc3 d6 6. Be2 Be7 7. 0-0 Nc6 8. Be3 Bd7 9. f4 Nxd4 10. Bxd4 Bc6 11. Bf3 0-0 12. Qe1 Rc8 13. Rd1 Qc7 14. Qg3 Rfd8 15. Rd2 b5 16. Rdf2 Qb7 17. e5 dxe5 18. fxe5 Rxd4 19. exf6 Bf8 20. fxg7 Bd6 21. Qg5 Bxf3 22. Rxf3 f5 23. Kh1 Rg4 24. Qh6 Rg6 25. Qd2 Bb8 26. Rh3 b4 27. Nd1 Qxg7 28. b3 Be5 29. Ne3 Bc3 30. Qe2 Rd8 31. Nc4 Qd4 32. Rd3 Qf6 33. Rxd8+ Qxd8 34. Rd1 Qh4 35. g3 Qh3 36. Qg2 Qh5 37. Rd7 Bg7 38. Ne5 Rf6 39. Nf3 Qh6 40. Qd2 Qh5 41. Kg2 f4 42. Rd3 e5 43. Qxb4 Qf5 44. Qc4+ Kh8 45. Nh4 Qh5 46. Qe4 Rf8 47. c4 fxg3 48. hxg3 Qh6 49. Nf3 Qc1 50. Rd7 Qb2+ 51. Kh3 Qc1 52. Kg4 Qh1 53. Rxg7 Kxg7 54. Qxe5+ Rf6 55. Qe7+ Rf7 56. Qg5+ Kf8 57. Qd8+ 1/2-1/2

[Event "Regionalliga SW 9697"]
[Site "Bayern"]
[Date "1997.??.??"]
[Round "?"]
[White "Schinkmeier, Karsten"]
[Black "Gergen, Harald"]
[Result "1/2-1/2"]
[WhiteElo "2105"]
[BlackElo "2015"]
[PlyCount "54"]
[EventDate "1996.10.??"]
[EventType "team-tourn"]
[EventRounds "9"]
[EventCountry "GER"]
[SourceTitle "EXT 1999"]
[Source "ChessBase"]
[SourceDate "1998.11.16"]
[SourceVersion "1"]
[SourceVersionDate "1998.11.16"]
[SourceQuality "1"]
[WhiteTeam "Garching"]
[BlackTeam "Kriegshaber SK"]
[WhiteTeamCountry "GER"]
[BlackTeamCountry "GER"]

1. Nf3 d5 2. c4 c6 3. b3 Bg4 4. Bb2 e6 5. e3 Nd7 6. Be2 Ngf6 7. 0-0 Bd6 8. d3 0-0 9. Nbd2 Qc7 10. a3 a5 11. Re1 Bh5 12. Qb1 Bg6 13. Qa2 Nc5 14. Qb1 h6 15. Rc1 Ncd7 16. Qa2 Rfe8 17. Rd1 Nc5 18. Ne1 e5 19. cxd5 Nxd5 20. Rac1 e4 21. dxe4 Nxe4 22. Nxe4 Bxe4 23. Nf3 Nb4 24. Qa1 Nc2 25. Qa2 Nb4 26. Qa1 Nc2 27. Qa2 Nb4 1/2-1/2

[Event "Regionalliga SW 9596"]
[Site "Bayern"]
[Date "1996.??.??"]
[Round "?"]
[White "Gergen, Harald"]
[Black "Rajic, Ivica"]
[Result "1-0"]
[WhiteElo "1955"]
[BlackElo "2075"]
[PlyCount "105"]
[EventDate "1995.10.??"]
[EventType "team-tourn"]
[EventRounds "9"]
[EventCountry "GER"]
[SourceTitle "EXT 1999"]
[Source "ChessBase"]
[SourceDate "1998.11.16"]
[SourceVersion "1"]
[SourceVersionDate "1998.11.16"]
[SourceQuality "1"]
[WhiteTeam "Kriegshaber SK"]
[BlackTeam "Muenchen FC Bayern II"]
[WhiteTeamCountry "GER"]
[BlackTeamCountry "GER"]

1. e4 c5 2. Nf3 d6 3. d4 cxd4 4. Nxd4 Nf6 5. Nc3 a6 6. Be2 e6 7. 0-0 Be7 8. Be3 Qc7 9. a4 b6 10. f4 Bb7 11. Bf3 Nc6 12. Qd2 Na5 13. Qf2 Nc4 14. Bc1 g6 15. Kh1 h5 16. b3 Na5 17. Bb2 e5 18. Nde2 Rc8 19. Rac1 Bc6 20. Nd5 Bxd5 21. exd5 Nb7 22. fxe5 dxe5 23. d6 Nxd6 24. Bxe5 0-0 25. Nf4 Qc5 26. Qe2 Nf5 27. Nd3 Qa5 28. c4 b5 29. axb5 axb5 30. b4 Qa6 31. c5 Rfe8 32. Nf4 Qa4 33. Qb2 Nd7 34. Ra1 Nxe5 35. Rxa4 bxa4 36. Qxe5 Bg5 37. Qa1 Bxf4 38. Qxa4 Be3 39. Bc6 Re7 40. Bd7 Rb8 41. Bxf5 gxf5 42. Qb3 f4 43. Qc4 Rc8 44. Qd5 Re6 45. Qxh5 Rcc6 46. Rd1 Rh6 47. Rd8+ Kg7 48. Qe5+ Rhf6 49. Rd6 Rcxd6 50. cxd6 Kg6 51. d7 Bb6 52. h4 Bd8 53. Qe8 1-0